LEADER 01380nam0 22003251i 450 001 UON00107702 005 20231205102622.610 100 $a20020107d1975 |0itac50 ba 101 $amlt 102 $aMT 105 $a|||| 1|||| 200 1 $aDe arte poetica$ftraduzzjoni mil-Latin u noti ta' Oliver Friggeri 205 $a[La Valletta] : Stamperija Nazzionali$b1975 210 $ac. n.n.$a22 cm 215 $aIn coperta: De arte poetica$cMaqluba ghall-Malti mil-Latin u annotata minn Oliver Friggeri 500 1$3UON00365421$aDe arte poetica / Orazio$915869 606 $aLETTERATURA MALTESE$xTRADUZIONI DA ALTRE LINGUE$3UONC029694$2FI 620 $dLa Valletta$3UONL000387 686 $aMLT I$cOPERE INTERDISCIPLINARI - GUIDE$2A 686 $aMLT VI D$cMALTA - LETTERATURA CONTEMPORANEA - TRADUZIONI$2A 700 1$aHORATIUS FLACCUS$bQuintus$3UONV059660$075513 702 1$aFRIGGERI$bOliver$3UONV068667 712 $aStamperija Nazzionali$3UONV261440$4650 790 0$aORAZIO$zHORATIUS FLACCUS, Quintus$3UONV059662 801 $aIT$bSOL$c20240220$gRICA 899 $aSIBA - SISTEMA BIBLIOTECARIO DI ATENEO$2UONSI 912 $aUON00107702 950 $aSIBA - SISTEMA BIBLIOTECARIO DI ATENEO$dSI MLT I 007 (Misc. b) $eSI SA 43295 5 007 (Misc. b) 996 $aArs poetica$915869 997 $aUNIOR